<?xml version="1.0" encoding="UTF-8"?>
<record
    xmlns:xsi="http://www.w3.org/2001/XMLSchema-instance"
    xsi:schemaLocation="http://www.loc.gov/MARC21/slim http://www.loc.gov/standards/marcxml/schema/MARC21slim.xsd"
    xmlns="http://www.loc.gov/MARC21/slim">

  <leader>00804nam a22001697a 4500</leader>
  <controlfield tag="003">LRUA</controlfield>
  <controlfield tag="005">20220614145146.0</controlfield>
  <controlfield tag="008">220614b        xxu||||| |||| 00| 0 eng d</controlfield>
  <datafield tag="040" ind1=" " ind2=" ">
    <subfield code="c">RUA</subfield>
  </datafield>
  <datafield tag="082" ind1=" " ind2=" ">
    <subfield code="a">AGR SAK 2017 B433 Or.1</subfield>
  </datafield>
  <datafield tag="100" ind1=" " ind2=" ">
    <subfield code="a">SAK YOUSEANG,&#x179F;&#x17B6;&#x1780;&#x17CB; &#x1799;&#x17BC;&#x179F;&#x17CA;&#x17B6;&#x1784;</subfield>
  </datafield>
  <datafield tag="245" ind1=" " ind2=" ">
    <subfield code="a">effect of green house on cucumber hot season condition in saang district, kandal province,&#x17A5;&#x1791;&#x17B7;&#x17D2;&#x1792;&#x1796;&#x179B;&#x1782;&#x1798;&#x17D2;&#x179A;&#x1794;&#x1795;&#x17D2;&#x1791;&#x17C7;&#x179F;&#x17C6;&#x178E;&#x17B6;&#x1789;&#x179B;&#x17BE;&#x178A;&#x17C6;&#x178E;&#x17B6;&#x17C6;&#x178F;&#x17D2;&#x179A;&#x179F;&#x1780;&#x17CB; &#x179B;&#x1780;&#x17D2;&#x1781;&#x1781;&#x178E;&#x17D2;&#x178C;&#x179A;&#x178A;&#x17BC;&#x179C;&#x1794;&#x17D2;&#x179A;&#x17B6;&#x17C6;&#x1784; &#x179F;&#x17D2;&#x179A;&#x17BB;&#x1780;&#x179F;&#x17D2;&#x17A2;&#x17B6;&#x1784; &#x1781;&#x17C1;&#x178F;&#x17D2;&#x178F;&#x1780;&#x178E;&#x17D2;&#x178F;&#x17B6;&#x179B;</subfield>
  </datafield>
  <datafield tag="260" ind1=" " ind2=" ">
    <subfield code="a">RUA</subfield>
    <subfield code="b">phnom penh</subfield>
    <subfield code="c">2017</subfield>
  </datafield>
  <datafield tag="300" ind1=" " ind2=" ">
    <subfield code="a">xiii;33p;</subfield>
    <subfield code="b">ill;</subfield>
    <subfield code="c">29cm;</subfield>
  </datafield>
  <datafield tag="856" ind1=" " ind2=" ">
    <subfield code="u">https://drive.google.com/file/d/1ooo_TzOUn26WkkAnvwJflRRJ6fw5E4eZ/view?usp=sharing</subfield>
  </datafield>
  <datafield tag="942" ind1=" " ind2=" ">
    <subfield code="c">AGR</subfield>
    <subfield code="2">ddc</subfield>
  </datafield>
  <datafield tag="999" ind1=" " ind2=" ">
    <subfield code="c">19246</subfield>
    <subfield code="d">19246</subfield>
  </datafield>
  <datafield tag="952" ind1=" " ind2=" ">
    <subfield code="0">0</subfield>
    <subfield code="1">0</subfield>
    <subfield code="2">ddc</subfield>
    <subfield code="4">0</subfield>
    <subfield code="6">AGR_SAK_2017_000000000000000_B433_OR_1</subfield>
    <subfield code="7">0</subfield>
    <subfield code="9">84458</subfield>
    <subfield code="a">LBB</subfield>
    <subfield code="b">LBB</subfield>
    <subfield code="d">2020-07-15</subfield>
    <subfield code="o">AGR SAK 2017 B433 Or.1</subfield>
    <subfield code="p">A064571</subfield>
    <subfield code="r">2020-07-15</subfield>
    <subfield code="w">2020-07-15</subfield>
    <subfield code="y">AGR</subfield>
  </datafield>
  <datafield tag="952" ind1=" " ind2=" ">
    <subfield code="0">0</subfield>
    <subfield code="1">0</subfield>
    <subfield code="2">ddc</subfield>
    <subfield code="4">0</subfield>
    <subfield code="6">AGR_SAK_2017_000000000000000_B433_OR_2</subfield>
    <subfield code="7">0</subfield>
    <subfield code="9">84459</subfield>
    <subfield code="a">LBB</subfield>
    <subfield code="b">LBB</subfield>
    <subfield code="c">B433</subfield>
    <subfield code="d">2020-07-15</subfield>
    <subfield code="o">AGR SAK 2017 B433 Or.2</subfield>
    <subfield code="p">A064455</subfield>
    <subfield code="r">2020-07-15</subfield>
    <subfield code="w">2020-07-15</subfield>
    <subfield code="y">AGR</subfield>
  </datafield>
  <datafield tag="952" ind1=" " ind2=" ">
    <subfield code="0">0</subfield>
    <subfield code="1">0</subfield>
    <subfield code="2">ddc</subfield>
    <subfield code="4">0</subfield>
    <subfield code="6">AGR_SAK_2017_000000000000000_B433_OR_3</subfield>
    <subfield code="7">0</subfield>
    <subfield code="9">84460</subfield>
    <subfield code="a">LBB</subfield>
    <subfield code="b">LBB</subfield>
    <subfield code="c">B433</subfield>
    <subfield code="d">2020-07-15</subfield>
    <subfield code="o">AGR SAK 2017 B433 Or.3</subfield>
    <subfield code="p">A064567</subfield>
    <subfield code="r">2020-07-15</subfield>
    <subfield code="w">2020-07-15</subfield>
    <subfield code="y">AGR</subfield>
  </datafield>
  <datafield tag="952" ind1=" " ind2=" ">
    <subfield code="0">0</subfield>
    <subfield code="1">0</subfield>
    <subfield code="2">ddc</subfield>
    <subfield code="4">0</subfield>
    <subfield code="6">AGR_SAK_2017_000000000000000_B433_OR_4</subfield>
    <subfield code="7">0</subfield>
    <subfield code="9">84461</subfield>
    <subfield code="a">LBB</subfield>
    <subfield code="b">LBB</subfield>
    <subfield code="c">B433</subfield>
    <subfield code="d">2020-07-15</subfield>
    <subfield code="l">2</subfield>
    <subfield code="o">AGR SAK 2017 B433 Or.4</subfield>
    <subfield code="p">A064507</subfield>
    <subfield code="r">2024-07-31</subfield>
    <subfield code="s">2024-07-25</subfield>
    <subfield code="w">2020-07-15</subfield>
    <subfield code="y">AGR</subfield>
  </datafield>
  <datafield tag="952" ind1=" " ind2=" ">
    <subfield code="0">0</subfield>
    <subfield code="1">0</subfield>
    <subfield code="2">ddc</subfield>
    <subfield code="4">0</subfield>
    <subfield code="6">AGR_SAK_2017_000000000000000_B433_OR_5</subfield>
    <subfield code="7">0</subfield>
    <subfield code="9">84462</subfield>
    <subfield code="a">LBB</subfield>
    <subfield code="b">LBB</subfield>
    <subfield code="c">B433</subfield>
    <subfield code="d">2020-07-15</subfield>
    <subfield code="o">AGR SAK 2017 B433 Or.5</subfield>
    <subfield code="p">A064447</subfield>
    <subfield code="r">2020-07-15</subfield>
    <subfield code="w">2020-07-15</subfield>
    <subfield code="y">AGR</subfield>
  </datafield>
  <datafield tag="952" ind1=" " ind2=" ">
    <subfield code="0">0</subfield>
    <subfield code="1">0</subfield>
    <subfield code="2">ddc</subfield>
    <subfield code="4">0</subfield>
    <subfield code="6">AGR_SAK_2017_000000000000000_B433_OR_1</subfield>
    <subfield code="7">0</subfield>
    <subfield code="9">84463</subfield>
    <subfield code="a">LBB</subfield>
    <subfield code="b">LBB</subfield>
    <subfield code="c">B433</subfield>
    <subfield code="d">2020-07-15</subfield>
    <subfield code="l">1</subfield>
    <subfield code="o">AGR SAK 2017 B433 Or.1</subfield>
    <subfield code="p">A064519</subfield>
    <subfield code="r">2023-03-22</subfield>
    <subfield code="s">2023-03-15</subfield>
    <subfield code="w">2020-07-15</subfield>
    <subfield code="y">AGR</subfield>
  </datafield>
</record>
